[Event "Challenge"]
[Site "http://www.queenalice.com/game.php?id=389070"]
[Date "2008.4.17"]
[Round "-"]
[White "DedeiTairone"]
[Black "allvaro"]
[Result "0-1"]
[WhiteElo "1468"]
[BlackElo "1135"]

1. e4 e5 2. Nc3 d6 3. Nd5 c6 4. Nb4 d5 5. d3 Bxb4+ 6. c3 Ba5 7. exd5 cxd5 8. b4
Bb6 9. Qf3 Nh6 10. g4 Bxg4 11. Qg3 f5 12. Qxe5+ Kf7 13. Nh3 Nd7 14. Qxd5+ Kf8
15. Qxb7 Qe8+ 16. Be3 Rb8 17. Qc6 Bxe3 18. fxe3 Rb6 19. Qc7 Qxe3+ 20. Be2 Qxe2#
0-1

[Event "Challenge"]
[Site "http://www.queenalice.com/game.php?id=390015"]
[Date "2008.4.18"]
[Round "-"]
[White "DedeiTairone"]
[Black "Wilson"]
[Result "0-1"]
[WhiteElo "1473"]
[BlackElo "1269"]

1. e4 e5 2. Qf3 Nf6 3. Qc3 Nc6 4. Na3 Nxe4 5. Qe3 d5 6. Nf3 b6 7. d3 d4 8. Qxe4
Bb7 9. Qf5 Bb4+ 10. Nd2 O-O 11. c3 dxc3 12. bxc3 Bxc3 13. Rb1 Re8 14. Nb5 Nd4
15. Nxd4 Qxd4 16. Rb3 Bd5 17. Qd7 c6 18. Bb2 Bxd2+ 19. Kxd2 Qxf2+ 20. Be2 Bxg2
21. Rc1 Qf4+ 22. Kd1 c5 23. Rc4 Qxh2 24. Rg4 Bh3 25. Qd6 Bxg4 26. Bxg4 Qg1+ 27.
Ke2 Qxg4+ 28. Kd2 c4 29. dxc4 Rad8 30. c5 bxc5 31. Qd3 c4 32. Rb4 Rxd3+ 33. Kc2
Qd1# 0-1

[Event "Challenge"]
[Site "http://www.queenalice.com/game.php?id=390038"]
[Date "2008.4.19"]
[Round "-"]
[White "DedeiTairone"]
[Black "brianrintoul"]
[Result "1-0"]
[WhiteElo "1464"]
[BlackElo "1429"]

1. e4 Nf6 2. c3 Nxe4 3. d4 d5 4. Nh3 e6 5. f3 Nd6 6. Nd2 g5 7. Nb3 h6 8. Na5 g4
9. fxg4 h5 10. g5 Ne4 11. Qa4+ Bd7 12. Qb3 Na6 13. Nxb7 Qc8 14. Bxa6 h4 15. Nc5
Qd8 16. Nxd7 Qxd7 17. Qb7 Qd8 18. Qc6+ Qd7 19. Qxa8+ Ke7 20. Qxa7 Bg7 21. Nf4
Nxg5 22. Qc5+ Kf6 23. Bb5 c6 24. Qxc6 Qe7 25. Rf1 Kf5 26. Nxd5+ Kg6 27. Nxe7+
Kh7 28. Bxg5 f6 29. Qe4+ f5 30. Qxh4+ Bh6 31. Qxh6# 1-0

[Event "Challenge"]
[Site "http://www.queenalice.com/game.php?id=390039"]
[Date "2008.4.19"]
[Round "-"]
[White "DedeiTairone"]
[Black "valmir"]
[Result "0-1"]
[WhiteElo "1474"]
[BlackElo "1319"]

1. e4 e5 2. Qf3 Nf6 3. Nh3 h6 4. Qc3 Nxe4 5. Qxe5+ Be7 6. Qxe4 O-O 7. Bd3 g6 8.
Nf4 f5 9. Bc4+ Kh7 10. Qe3 Bg5 11. g3 Re8 12. Ne6 dxe6 13. Qe5 Nc6 14. Qc3 a5
15. h4 Bf6 16. Qe3 Nd4 17. Na3 c6 18. d3 b5 19. Qxh6+ Kg8 20. Qxg6+ Kf8 21. Qh6+
Bg7 22. Qh7 b4 23. c3 Nf3+ 24. Kd1 bxa3 25. Bh6 Bxh6 26. Qxh6+ Kg8 27. Qh5 Ne5
28. Bb3 Kg7 29. f4 Rh8 30. Qg5+ Qxg5 31. hxg5 Rxh1+ 32. Kc2 Rxa1 33. bxa3 Nf3
34. d4 Rg1 35. c4 Rg2+ 36. Kd3 Ne1+ 37. Ke3 a4 38. Bd1 Rxa2 39. c5 Rxa3+ 40. Kf2
Nd3+ 41. Ke2 Ba6 42. Kd2 Rb8 43. Bh5 Rb2+ 44. Ke3 Nf2# 0-1

[Event "AUTO-INT-872"]
[Site "http://www.queenalice.com/game.php?id=390281"]
[Date "2008.4.19"]
[Round "1"]
[White "yugioh1"]
[Black "DedeiTairone"]
[Result "1-0"]
[WhiteElo "1514"]
[BlackElo "1474"]

1. Nf3 d6 2. Nc3 e5 3. e3 a6 4. Bc4 Nh6 5. O-O b5 6. Be2 Qf6 7. Nd5 Qd8 8. h3 c6
9. Nb6 Qxb6 10. c3 f6 11. c4 e4 12. Nh2 Qc5 13. cxb5 axb5 14. Qe1 Qg5 15. g3
Bxh3 16. f4 Qc5 17. Rf2 Ng4 18. Bxg4 Bxg4 19. Nxg4 f5 20. Nh2 Nd7 21. d4 Qb6 22.
Qd1 d5 23. Qe1 Ra5 24. Bd2 b4 25. a3 c5 26. dxc5 Bxc5 27. axb4 Rxa1 28. Qxa1
Bxb4 29. Bxb4 Qxb4 30. Qa8+ Nb8 31. Qxd5 Qe1+ 32. Rf1 Qxe3+ 33. Kh1 Qxg3 34.
Qxf5 Qg6 35. Qe5+ Kd7 36. Rd1+ Kc8 37. Qc5+ Nc6 38. Rd6 Qg3 39. Qxc6+ Kb8 40.
Rd7 Qe1+ 41. Kg2 Qb4 42. Qc7+ Ka8 43. Qa7# 1-0

[Event "AUTO-INT-872"]
[Site "http://www.queenalice.com/game.php?id=390282"]
[Date "2008.4.19"]
[Round "1"]
[White "DedeiTairone"]
[Black "yugioh1"]
[Result "1-0"]
[WhiteElo "1460"]
[BlackElo "1547"]

1. e4 Nc6 2. Qf3 Nf6 3. Qe3 d6 4. h3 Be6 5. g4 d5 6. f3 dxe4 7. fxe4 Nb4 8. Qc5
Nxe4 9. Qxb4 Ng3 10. Rh2 Nxf1 11. Kxf1 Rb8 12. Qa4+ c6 13. Qxa7 Bc4+ 14. d3 Bb5
15. Rd2 Rc8 16. Qxb7 Ba4 17. Qb4 Bb5 18. Qf4 f6 19. c4 Ba6 20. Qe4 Rb8 21. Qxc6+
Qd7 22. Qxa6 Qd4 23. Qc6+ Kd8 24. Re2 Rc8 25. Qd5+ Qxd5 26. cxd5 Rxc1+ 27. Re1
Rc5 28. Nc3 g6 29. d4 Rc8 30. Re3 Bh6 31. g5 Bxg5 32. Rg3 Bf4 33. Rf3 Bd2 34. h4
Bxc3 35. bxc3 Kd7 36. Ne2 f5 37. Rb1 Rhd8 38. h5 gxh5 39. Rxf5 h4 40. Rf7 h3 41.
Rxh7 h2 42. Rxh2 Rf8+ 43. Rf2 Rxf2+ 44. Kxf2 Rf8+ 45. Ke3 Rh8 46. Rb7+ Kd6 47.
Nf4 Rc8 48. Rb6+ Kd7 49. Ng6 Rxc3+ 50. Ke4 Rc2 51. Nf8+ Kc7 52. Re6 Rxa2 53.
Rxe7+ Kd6 54. Rd7# 1-0

[Event "AUTO-INT-872"]
[Site "http://www.queenalice.com/game.php?id=390297"]
[Date "2008.4.19"]
[Round "1"]
[White "jumping"]
[Black "DedeiTairone"]
[Result "1-0"]
[WhiteElo "1584"]
[BlackElo "1486"]

1. e4 e5 2. Nf3 d6 3. d4 f6 4. Nc3 Na6 5. Bc4 Nh6 6. dxe5 fxe5 7. Ng5 c6 8. O-O
b5 9. Be6 b4 10. Ne2 Nc7 11. c3 Nxe6 12. Nxe6 Bxe6 13. cxb4 d5 14. Bxh6 gxh6 15.
exd5 Bxd5 16. Ng3 Qg5 17. b5 O-O-O 18. Qa4 Bc5 19. bxc6 h5 20. Qa6+ Kb8 21. Qb7#
1-0

[Event "AUTO-INT-872"]
[Site "http://www.queenalice.com/game.php?id=390298"]
[Date "2008.4.19"]
[Round "1"]
[White "DedeiTairone"]
[Black "jumping"]
[Result "0-1"]
[WhiteElo "1468"]
[BlackElo "1687"]

1. e4 e5 2. Qf3 Nf6 3. Qc3 Nc6 4. Ne2 Bb4 5. Qc4 O-O 6. f3 d5 7. exd5 Nxd5 8.
Qb5 a6 9. Qc4 Be6 10. Qe4 Nf6 11. Qe3 Re8 12. Ng3 Nd4 13. Qd3 b5 14. Qe2 Nxe2
15. Bxe2 Nd5 16. Nh5 Qh4+ 17. Ng3 Nf4 18. O-O Bc5+ 19. Kh1 Nxe2 20. Nxe2 Bc4 21.
d3 Bd5 22. Nbc3 c6 23. Bd2 b4 24. Nxd5 cxd5 25. g3 Qf6 26. f4 exf4 27. gxf4 Rxe2
28. Rae1 Rxd2 29. Re5 Rxc2 30. Rxd5 Qc6 31. d4 Qxd5+ 32. Kg1 Bxd4+ 33. Rf2 Rc1#
0-1

[Event "AUTO-INT-872"]
[Site "http://www.queenalice.com/game.php?id=390307"]
[Date "2008.4.19"]
[Round "1"]
[White "carpe_diem"]
[Black "DedeiTairone"]
[Result "1-0"]
[WhiteElo "1708"]
[BlackElo "1477"]

1. e4 e5 2. Nf3 d6 3. d4 f6 4. dxe5 fxe5 5. Bc4 Nh6 6. h3 a6 7. O-O b5 8. Bd5 c6
9. Bb3 Qf6 10. Bg5 Qf4 11. Bxf4 exf4 12. Nc3 b4 13. Ne2 Rg8 14. Bxg8 Nxg8 15.
Nxf4 a5 16. a4 Nf6 17. e5 Ne4 18. Re1 d5 19. Nd4 Bc5 20. Qh5+ g6 21. Nxg6 hxg6
22. Qxg6+ Kd8 23. Qg8+ Kd7 24. e6+ Ke7 25. Qf7+ Kd8 26. Rad1 Ng5 27. e7+ Bxe7
28. Qxe7# 1-0

[Event "AUTO-INT-872"]
[Site "http://www.queenalice.com/game.php?id=390308"]
[Date "2008.4.19"]
[Round "1"]
[White "DedeiTairone"]
[Black "carpe_diem"]
[Result "0-1"]
[WhiteElo "1470"]
[BlackElo "1715"]

1. e4 c5 2. Qf3 e6 3. Nc3 Nc6 4. Na4 Nf6 5. Nxc5 Bxc5 6. Nh3 h6 7. c3 O-O 8. d4
Bb6 9. g4 d5 10. exd5 exd5 11. Nf4 Bxg4 12. Qe3 Re8 13. Qxe8+ Qxe8+ 14. Be2 Bxe2
15. Nxe2 Qe4 16. Rg1 Kh7 17. Rg3 Re8 18. Re3 Qh1+ 19. Kd2 Ne4+ 20. Kc2 Nb4+ 21.
cxb4 Rc8+ 22. Nc3 Bxd4 23. Rd3 Bxf2 24. Rxd5 Nxc3 25. bxc3 Qxd5 26. Rb1 Qxa2+
27. Rb2 Qa4+ 28. Kd2 Rd8+ 29. Ke2 Bb6 30. h3 Qd1# 0-1

[Event "Challenge"]
[Site "http://www.queenalice.com/game.php?id=394240"]
[Date "2008.4.27"]
[Round "-"]
[White "DedeiTairone"]
[Black "Tanatos"]
[Result "0-1"]
[WhiteElo "1475"]
[BlackElo "1624"]

1. e4 e5 2. Nf3 Nf6 3. Nxe5 Nxe4 4. Bc4 Ng5 5. h4 Ne4 6. Nxf7 Qf6 7. f3 Ng3 8.
Rh3 Bc5 9. Nxh8 d5 10. Bxd5 Qe5+ 11. Be4 Bxh3 12. gxh3 Qd4 13. Qe2 Qg1+ 14. Qf1
Qxf1# 0-1

[Event "Challenge"]
[Site "http://www.queenalice.com/game.php?id=394241"]
[Date "2008.4.27"]
[Round "-"]
[White "Tanatos"]
[Black "DedeiTairone"]
[Result "1/2-1/2"]
[WhiteElo "1607"]
[BlackElo "1481"]

1. e4 e5 2. d4 exd4 3. Qxd4 Nc6 4. Qd5 Nf6 5. Qd3 Nb4 6. Bg5 Nxd3+ 7. Bxd3 Bb4+
8. c3 Bd6 9. Nf3 c5 10. e5 h6 11. Bxf6 gxf6 12. exd6 Rg8 13. Na3 b6 14. Nb5 Kf8
15. O-O f5 16. Rfe1 a6 17. Nc7 Qf6 18. Re8+ Kg7 19. Rxg8+ Kxg8 20. Nxa8 Qxd6 21.
Bxf5 Qb8 22. Re1 Bb7 23. Nxb6 d6 24. Nd7 Qc8 25. Nf6+ Kf8 26. Bxc8 Bxc8 27. c4
a5 28. h3 a4 29. Rd1 Ke7 30. Ng8+ Kd7 31. Nxh6 f6 32. g4 Ke6 33. Re1+ Kd7 34.
Nf5 Bb7 35. g5 fxg5 36. Nxg5 d5 37. cxd5 Bxd5 38. Rd1 Kc6 39. b3 axb3 40. axb3
Bxb3 41. Ne7+ Kb5 42. Rb1 Kb4 43. f4 c4 44. Nd5+ Ka3 45. Ne4 Bc2 46. Rb8 Bxe4
47. Ne3 c3 48. Rc8 Kb3 49. h4 Bg6 50. Nd1 Bf5 51. Nxc3 Bxc8 52. Nd5 Bb7 53. Nb6
Be4 54. h5 Bf5 55. h6 Kc3 56. Nd5+ Kd4 57. Ne7 Bh7 58. f5 Ke5 59. Kg2 Kf6 60.
Nd5+ Kxf5 61. Ne3+ Kg5 62. Kg3 Kxh6 63. Kf4 1/2-1/2

[Event "Challenge"]
[Site "http://www.queenalice.com/game.php?id=460135"]
[Date "2008.9.8"]
[Round "-"]
[White "DedeiTairone"]
[Black "alfonso"]
[Result "0-1"]
[WhiteElo "1486"]
[BlackElo "1172"]

1. e4 e5 2. Nf3 Nc6 3. d4 exd4 4. Nxd4 Bb4+ 5. c3 Bc5 6. Bc4 Qf6 7. Be3 Ne5 8.
Bf1 Qg6 9. f3 Qb6 10. Nd2 Qxb2 11. Nc4 Qxc3+ 12. Bd2 Qxd4 13. f4 Nxc4 14. Rc1
Qf2# 0-1

[Event "Challenge"]
[Site "http://www.queenalice.com/game.php?id=460137"]
[Date "2008.9.8"]
[Round "-"]
[White "Gadou"]
[Black "DedeiTairone"]
[Result "0-1"]
[WhiteElo "1331"]
[BlackElo "1449"]

1. e4 e5 2. Qh5 Qe7 3. Bc4 Nh6 4. d3 Nc6 5. Nf3 Na5 6. Bxf7+ Nxf7 7. Nxe5 Qxe5
8. Qxe5+ Nxe5 9. Bf4 Nac6 10. O-O h6 11. Nc3 g5 12. Bg3 h5 13. h4 gxh4 14. Bxh4
Nd4 15. Bf6 Rh6 16. Bxe5 Ne6 17. Nb5 Bd6 18. Bxd6 cxd6 19. Nxd6+ Kf8 20. Nxc8
Rxc8 21. c4 Nf4 22. Rae1 Nxd3 23. Re3 Nxb2 24. Rf3+ Ke8 25. Rb1 Nxc4 26. Rxb7
Ne5 27. Rg3 Rc1+ 28. Kh2 h4 29. Rg8+ Ke7 30. Rxa7 Rc2 31. a4 Rxf2 32. Ra5 Nc6
33. Rf5 Rxf5 34. exf5 Rf6 35. Kh3 Rxf5 36. Rg7+ Kd6 37. g4 Ra5 38. Rg6+ Ke7 39.
Kxh4 Rxa4 40. Kg5 Ne5 41. Rg7+ Kf8 42. Rxd7 Nxd7 43. Kh5 Nf6+ 44. Kg5 Kf7 45.
Kf5 Ra5+ 46. Kf4 Ra4+ 47. Kg5 Rxg4+ 0-1

[Event "Challenge"]
[Site "http://www.queenalice.com/game.php?id=461828"]
[Date "2008.9.11"]
[Round "-"]
[White "Tanatos"]
[Black "DedeiTairone"]
[Result "1-0"]
[WhiteElo "1634"]
[BlackElo "1460"]

1. e4 e5 2. Nf3 d6 3. Bc4 Nh6 4. d3 f6 5. O-O Bd7 6. Nc3 a6 7. d4 b5 8. Bd5 Bc6
9. Bxc6+ Nxc6 10. d5 Ne7 11. Bxh6 gxh6 12. a4 Qb8 13. axb5 axb5 14. Rxa8 Qxa8
15. Nxb5 Qa5 16. c4 Kd8 17. Qc2 h5 18. Nh4 c6 19. dxc6 Nxc6 20. Nf5 Nd4 21.
Nbxd4 exd4 22. Nxd4 Qg5 23. Ne6+ Ke7 24. Nxg5 fxg5 25. e5 dxe5 26. Re1 Bg7 27.
c5 Rc8 28. Rd1 h4 29. c6 Rc7 30. Qc4 Bf6 31. Qd5 Ke8 32. Qe6+ Be7 33. Rd7 Rxd7
34. Qxd7+ Kf7 35. c7 Kf6 36. c8=Q e4 37. Qe6+ 1-0

[Event "Challenge"]
[Site "http://www.queenalice.com/game.php?id=461941"]
[Date "2008.9.12"]
[Round "-"]
[White "DedeiTairone"]
[Black "Tanatos"]
[Result "0-1"]
[WhiteElo "1457"]
[BlackElo "1645"]

1. e4 e5 2. Nf3 Nc6 3. d4 exd4 4. Nxd4 Nxd4 5. Qxd4 Nf6 6. e5 c5 7. Qd3 Ng4 8.
Qe2 d6 9. exd6+ Be6 10. Qb5+ Bd7 11. Qxb7 Bxd6 12. Qd5 Be7 13. Qf3 O-O 14. Nd2
Bg5 15. h3 Qe8+ 16. Be2 Bc6 17. Qxg4 Bb5 18. c4 Bxd2+ 19. Bxd2 Bd7 20. Qg3 Rb8
21. Bh6 g6 22. Rd1 Rxb2 23. Rd2 Rxd2 24. Kxd2 Ba4 25. Re1 Qd7+ 26. Kc3 Qd8 27.
Qg5 Qa5+ 28. Kd3 Rd8+ 29. Ke3 Rd4 30. Qf6 Qc3+ 31. Bd3 Qxd3# 0-1